|
|
|
|
| LEADER |
00953nam a22002537a 4500 |
| 001 |
AAL4533 |
| 003 |
BD-DhAAL |
| 005 |
20160115204345.0 |
| 008 |
160115s 2003ii a|||| b||| 001 0 eng d |
| 020 |
|
|
|a 812420294X
|
| 040 |
|
|
|a BD-DhAAL
|c BD-DhAAL
|
| 082 |
|
|
|a 658.3/11
|
| 100 |
|
|
|a Dale, Margaret
|9 17394
|
| 245 |
|
|
|a Handbook of successful recruitment and selection :
|b a practical guide for managers /
|c Margaret Dale
|
| 260 |
|
|
|a New Delhi :
|b Crest Pub. House,
|c 2003.
|
| 300 |
|
|
|a 318 p. :
|b ill. ;
|c 25 cm.
|
| 504 |
|
|
|6 Includes bibliography and index.
|
| 541 |
|
|
|e 4533
|
| 650 |
|
|
|a Employees
|x Recruiting.
|9 17395
|
| 650 |
|
|
|a Employee selection.
|9 17396
|
| 650 |
|
|
|a Personnel management
|v Handbooks, manuals, etc.
|9 17397
|
| 942 |
|
|
|2 ddc
|c BK
|
| 999 |
|
|
|c 36622
|d 36622
|
| 952 |
|
|
|0 0
|1 0
|2 ddc
|4 0
|6 658_300000000000000_11_DAL
|7 0
|9 57615
|a SCL
|b SCL
|c GEN
|d 2016-01-15
|g 445.00
|l 1
|m 16
|o 658.311 DAL
|p 3020004533
|r 2024-04-03
|s 2024-01-21
|t 1
|w 2016-01-15
|y BK
|